The Committee Club (Record no. 107575)

MARC details
000 -LEADER
fixed length control field 01273cam a22002295a 4500
001 - CONTROL NUMBER
control field L140919
008 - FIXED-LENGTH DATA ELEMENTS--GENERAL INFORMATION
fixed length control field 071017s2006 xxk f 000 0deng d
020 ## - INTERNATIONAL STANDARD BOOK NUMBER
International Standard Book Number 0900040394
035 ## - SYSTEM CONTROL NUMBER
System control number (Sirsi) u140919
041 0# - LANGUAGE CODE
Language code of text/sound track or separate title eng
100 1# - MAIN ENTRY--PERSONAL NAME
Personal name Offen, James
245 04 - TITLE STATEMENT
Title The Committee Club
Remainder of title the first 100 years
260 ## - PUBLICATION, DISTRIBUTION, ETC.
Place of publication, distribution, etc. Witney
Name of publisher, distributor, etc. Alden Press
Date of publication, distribution, etc. 2006
300 ## - PHYSICAL DESCRIPTION
Extent 89 p.
Dimensions 22 cm.
505 0# - FORMATTED CONTENTS NOTE
Formatted contents note Introduction -- Victorian background -- Foundation and the first years -- Politics 1907-1915 -- The Great War -- The end of politics? -- Domestic matters 1919-1939 -- The 1939-1945 war -- Post war years until 1988 -- 1989-1996 -- Crisis 1997-2002 -- Recovery? 2003-2006
505 0# - FORMATTED CONTENTS NOTE
Formatted contents note Appendices: The founder members -- The menu of the first Club dinner -- Chairmen 1906-1923 -- Honorary secretaries -- Members of the Committee Club -- Venues of Club dinners -- Subscriptions -- The members at the Centenary -- Dining clubs
520 ## - SUMMARY, ETC.
Summary, etc. Sets out the history of the Committee Club from its foundation in 1906 to 2006. The Committee Club was a dining club which had as one of its aims the discussion and advancement of issues of interest to surveyors.
610 24 - SUBJECT ADDED ENTRY--CORPORATE NAME
Corporate name or jurisdiction name as entry element Committee Club
9 (RLIN) 5455
651 #4 - SUBJECT ADDED ENTRY--GEOGRAPHIC NAME
Geographic name United Kingdom
Chronological subdivision
690 ## - LOCAL SUBJECT ADDED ENTRY--TOPICAL TERM (OCLC, RLIN)
Topical term or geographic name as entry element ABOUT RICS-RELATED ORGANISATIONS
942 ## - ADDED ENTRY ELEMENTS (KOHA)
Suppress in OPAC 0
Holdings
Withdrawn status Lost status Source of classification or shelving scheme Damaged status Not for loan Home library Current library Shelving location Date acquired Total Checkouts Full call number Barcode Date last seen Date last checked out Copy number Price effective from Koha item type
    Dewey Decimal Classification     London London Reference copy 17/10/2007 1 920 OFF 30072748 06/08/2019 17/10/2007 1 06/08/2019 Book